000 00778nam a22001817a 4500
005 20251108165223.0
008 250721s9999 xx 000 0 ara d
082 1 4 _a370.193/فؤا
100 1 _aمتولي، فؤاد بسيوني
245 1 0 _aالتربية و مشكلة الأمومة و الطفولة الملف المفتوح للطفولة :
_bرؤية عصرية لبعض مشكلات المجتمع و علاقتها بالتربية /
264 1 _aالإسكندرية :
_bدار المعرفة الجامعية،
_c[19-].
300 _a176ص
490 0 _aالمكتبة التربوية التربية ومشكلات المجتمع ؛ 6
650 1 7 _aعلم الإجتماع التربوي
650 1 7 _aالأطفال
942 _2ddc
_cBK
999 _c22459
_d22459